| 000 | 00796nam a2200241Ia 4500 | ||
|---|---|---|---|
| 003 | OSt | ||
| 005 | 20241113151254.0 | ||
| 008 | 210716s2011 xx 000 0 und d | ||
| 020 | _a9780198078296 | ||
| 040 | _cAIMIT LIBRARY | ||
| 041 | _aeng | ||
| 082 |
_a001.072330 _21 _bKRIJ |
||
| 100 |
_aKrishnamurty, J. _9185231 |
||
| 245 |
_aTowards development economics : _bIndian contributions 1900-1945 / _cEdited by J Krishnamurty. |
||
| 250 | _a1st ed. | ||
| 260 |
_aNew Delhi : _bOxford University Press , _c2011. |
||
| 300 |
_axxi,275p. ; _bPB _c22.3 cm |
||
| 650 |
_aArguments for protection _9185232 |
||
| 650 |
_aThe economic basic of the communal _9185233 |
||
| 650 |
_aWoman labour in India _9185234 |
||
| 700 |
_aKrishnamurty, J., ed. _9185235 |
||
| 942 |
_2ddc _cBK _e1st _k001.072330 KRIJ |
||
| 999 |
_c208771 _d208771 |
||